000 00206 a2200097 4500
001 4871
100 _aPrice,W.J
245 _aNuclear radiation detection
260 _a
_bMcgrawhill
_c
090 _c4062
_d4062
942 _aNUST-CAE
_cM
_c30337
999 _c239944
_d239944